Países con 50 millones de personas en 2100 - Estadísticas

Estadísticas generales
  • Esta prueba ha sido intentada 102 veces
    87 desde el último reinicio
  • La puntuación promedio es 33 de 47
Estadísticas de respuestas
Población País % Correcto
1,064,993,459 China
100%
1,450,420,839 India
100%
433,853,891 Estados Unidos
96%
126,142,656 Rusia
96%
180,682,756 Brasil
95%
141,509,743 México
93%
74,740,598 Alemania
91%
56,802,489 Argentina
89%
65,497,773 Francia
89%
320,782,424 Indonesia
89%
164,947,332 Níger
89%
362,031,082 República Democrática del Congo
89%
224,735,180 Egipto
88%
74,959,377 Japón
88%
79,190,833 Sudáfrica
88%
403,102,827 Pakistán
87%
732,941,597 Nigeria
86%
78,053,360 Reino Unido
86%
56,953,227 Canadá
80%
70,704,619 Argelia
79%
98,587,984 Irán
79%
294,392,896 Etiopía
78%
151,393,020 Bangladés
75%
146,327,435 Filipinas
75%
142,342,349 Sudán
75%
86,170,458 Turquía
72%
125,423,854 Kenia
71%
285,651,848 Tanzania
71%
97,437,278 Vietnam
71%
107,711,273 Irak
70%
188,283,138 Angola
61%
123,646,947 Mozambique
61%
75,716,432 Somalia
59%
75,166,964 Afganistán
58%
90,225,182 Camerún
58%
61,849,818 Chad
57%
80,382,703 Malí
57%
79,011,407 Ghana
47%
136,784,883 Uganda
47%
81,546,200 Zambia
47%
55,298,936 Myanmar
43%
53,515,360 Senegal
43%
99,957,337 Madagascar
39%
96,632,721 Costa de Marfil
38%
54,171,323 Yemen
21%
50,904,082 Burundi
16%
66,559,388 Malaui
16%
No se encontraron pruebas coincidentes
Distribución de puntuación
Porcentaje de gente con cada puntuación
Porcentaje por número respondido
Historial de tus puntuaciones
No has intentado esta prueba desde el último reinicio